000 01212cam a22002054a 4500
005 20250605164012.0
008 250528s ||||||||||||||||||||||||d
035 _a15985
020 _a273646818
040 _aGR-AtMCL
_bgre
_dGR-AtMCL
_eAACR2
245 1 _aPrinciples of Direct and Database Marketing / Second Edition
250 _a2nd
260 _bFinancial Times - Pitman Publishing,
_c2000
300 _a440
520 _aThis comprehensive text covers all aspects of direct and database marketing. Introducing Direct Marketing, What is Direct Marketing, The Database, Using Direct Marketing to Analyze the Marketing Situation, The Customer Database: Analysis and Applications, Using External Databases in Direct Marketing, Setting Objectives and Strategies within Direct Marketing, Direct Marketing Objectives and Strategies, The Internet, The Strategic Influences on Direct Marketing, Direct Marketing Implementation and Control, Offers and Incentives in Direct Marketing, Direct Marketing Media, Acquisition Media, Direct Marketing Creative Practice, Testing Budgeting and Research in Direct Marketing, Index.
700 1 _aTapp Alan
_92034
942 _cBK
999 _c1531
_d1531